[Event "Badalona op-C 41st"]
[Site "Badalona"]
[Date "2015.08.08"]
[Round "7.9"]
[White "Navines Monfa, Josep"]
[Black "Hostalot Rodriguez, Sergi"]
[Result "1-0"]
[WhiteElo "1874"]
[BlackElo "1791"]
[PlyCount "27"]
[EventDate "2015.08.02"]
[EventType "swiss"]
[EventRounds "9"]
[EventCountry "ESP"]
[SourceTitle "EXT 2024"]
[Source "ChessBase"]
[SourceDate "2023.10.10"]
[SourceVersion "1"]
[SourceVersionDate "2023.10.10"]
[SourceQuality "1"]

1. e4 c6 2. Nf3 d5 3. exd5 Qxd5 4. Nc3 Qa5 5. Bc4 e6 6. 0-0 Qc7 7. d4 Nf6 8. Re1 Nd5 9. Bxd5 cxd5 10. Nxd5 Qd6 11. c4 Nc6 12. Bf4 e5 13. Nxe5 Be6 14. Nxf7 1-0

[Event "Sant Boi de Llobregat op 20th"]
[Site "Sant Boi de Llobregat"]
[Date "2008.05.30"]
[Round "5.8"]
[White "Prats Rodriguez, Juan Bosco"]
[Black "Hostalot Rodriguez, Sergi"]
[Result "1-0"]
[WhiteElo "2088"]
[BlackElo "1723"]
[PlyCount "50"]
[EventDate "2008.04.25"]
[EventType "swiss"]
[EventRounds "8"]
[EventCountry "ESP"]
[SourceTitle "EXT 2024"]
[Source "ChessBase"]
[SourceDate "2023.10.10"]
[SourceVersion "1"]
[SourceVersionDate "2023.10.10"]
[SourceQuality "1"]

1. e4 e5 2. Nf3 f5 3. d4 d6 4. dxe5 fxe4 5. Ng5 Qe7 6. Bc4 Nh6 7. exd6 Qxd6 8. Qxd6 Bxd6 9. Nxe4 Nf5 10. 0-0 Nc6 11. Nxd6+ Nxd6 12. Re1+ Kf8 13. Bd5 Ne7 14. Bb3 Bf5 15. Bg5 Ng6 16. Nc3 Bd7 17. Nd5 c6 18. Nc7 Rc8 19. Ne6+ Bxe6 20. Rxe6 Nf7 21. Be3 c5 22. Bd5 b6 23. Rd1 Nd8 24. Rd6 Ke7 25. Be4 Rc7 1-0